Score 0/7 Timer 03:00
0 Plays Today
Question Answer Wrong Answers
This Qatari media company launches their English-language news channel, the first such station to be headquartered in the Middle East.
2006
Al Jazeera
91.4%
Reuters
2%
Al Mayadeen
2.7%
NDTV
2.2%
Later becoming one of the Big Three American TV networks, the ______ radio network opens with 24 stations. They are sometimes called the ‘Peacock Network’ today.
1926
NBC
83.8%
ABC
4.8%
CBS
8.3%
FOX
2.5%
The independent State of ______ is proclaimed. In the following month, it is recognized by a handful of nations, including Egypt and Jordan.
1988
Palestine
74.3%
Somaliland
6%
Djibouti
11.7%
Kosovo
6.7%
Union General William Tecumseh Sherman leaves the captured city of ______, beginning his famed ‘March to the Sea’ which will end with the capture of the port of Savannah.
1864
Atlanta
73.2%
Jackson
5.5%
Raleigh
5.4%
Charleston
15.9%
Nicknamed ‘Macho Man’, this American wrestler and color commentator, often regarded as one of the greatest professional wrestlers in history, is born.
1952
Randy Savage
62.5%
Hulk Hogan
28.7%
Ric Flair
4.7%
Bret Hart
3.2%
This nation is declared a republic by Marshal Deodoro da Fonseca as Emperor Pedro II is deposed in a military coup.
1889
Brazil
39.2%
Portugal
18.8%
Mexico
20.5%
Chile
21.1%
This man and the Parti Québécois take power, becoming the first Quebec government of the 20th century clearly in favor of independence.
1976
René Lévesque
34.9%
Pierre Trudeau
44.9%
François Hollande
7.1%
Jacques Chirac
11.8%
Remove Ads.
Support Sporcle.
Get the best of Sporcle when you Go Orange. This ad-free experience offers more features, more stats, and more fun while also helping to support Sporcle. Thank you for becoming a member.

You're not logged in!

Compare scores with friends on all Sporcle quizzes.
OR
Log In

Show Comments

Extras

Top Quizzes Today


Score Distribution

Your Account Isn't Verified!

In order to create a playlist on Sporcle, you need to verify the email address you used during registration. Go to your Sporcle Settings to finish the process.

Report this User

Report this user for behavior that violates our Community Guidelines.

Details: